| 000 | 00692nam a2200277Ia 4500 | ||
|---|---|---|---|
| 008 | 160803s9999 xx 000 0 und d | ||
| 020 | _a978-0312641214 | ||
| 100 | _aBruel, Nick | ||
| 245 | _aBad kitty meets the baby / | ||
| 245 | _cNick Bruel. | ||
| 260 | _aNew York : | ||
| 260 | _bScholastic Inc. | ||
| 260 | _c2011 | ||
| 300 | _a143 pages : | ||
| 300 | _billustrations ; | ||
| 300 | _c20 cm | ||
| 500 | _aOriginally published: New York : Roaring Brook Press, c2011. | ||
| 650 | _aAdoption -- | ||
| 650 | _aBabies -- | ||
| 650 | _aCats -- | ||
| 650 | _aHumorous stories. | ||
| 650 | _xFiction. | ||
| 650 | _xFiction. | ||
| 650 | _xFiction. | ||
| 700 | _a720 | ||
| 999 |
_c298646 _d298646 |
||